Normal view
MARC view
- Real analysis
Entry Topical Term
001 - CONTROL NUMBER
- control field: 5761
003 - CONTROL NUMBER IDENTIFIER
- control field: OSt
005 - DATE AND TIME OF LATEST TRANSACTION
- control field: 20251201112624.0
008 - FIXED-LENGTH DATA ELEMENTS
- fixed length control field: 251201|| aca||aabn | a|a d
040 ## - CATALOGING SOURCE
- Original cataloging agency: OSt
- Transcribing agency: OSt
150 ## - HEADING--TOPICAL TERM
- Topical term or geographic name entry element: Real analysis
- Form subdivision: Real numbers
670 ## - SOURCE DATA FOUND
- Source citation: Work cat.: (OSt)753971: Malik,S C 5760, Principles of real analysis, 2022.
